01174nam a2200145 a 4500008004100000020001800041100002000059245004700079250004100126260006000167300001100227500010800238505067000346655001201016161215e2010 ag ||||| |||| 00| j spa d a97898750353241 aCarver, Raymond aCatedral y otros cuentos /cRaymond Carver a1a ed.bTraducción Jesús Zulaika aBuenos Aires:bEditorial Anagrama ; Página 12;c2010. a160 p. aCarver, R. (2010). Catedral y otros cuentos. (1a ed.). Buenos Aires : Editorial Anagrama ; Página 12. aMinimalismo, realismo sucio, genialidad, cuentos retocados magistralmente por un editor, ícono de la chatura americana, el otro Anton Chejov del siglo XX. Estas son algunas de las etiquetas que apuntan a dar cuenta del encanto, del éxito y sobre todo del estilo de Raymond Carver. Lo cierto es que sus obras constituyen una lectura imprescindible para quier quiera gozar y comprender los caminos de la literatura contemporánea. Esta selección, que incluye cuentos de dos de sus libros mas celebrados, ¿Quieres hacer el favor de callarte, por favor? y Catedral, presenta la voz inconfundible, y tantas veces torpemente imitadas, de una escritor fascinante.  aCuentos